| 000 | 00682nac a22001811u 4500 | ||
|---|---|---|---|
| 020 | _a0074515497 | ||
| 082 |
_a338.4762 _bB654 |
||
| 090 |
_c2809 _d2809 |
||
| 100 | _aBosshart ,Walter C. | ||
| 245 |
_aPrinted Circuites Boards : Design and Technology/ _bDesign and Technology/ _cWalter C.Bosshart. |
||
| 260 |
_aNew Delhi:2005. _bTata McGraw-Hill , _cc.2005. |
||
| 300 |
_a467p.: _bill; _c25cm. |
||
| 504 | _aIncludes Index. | ||
| 650 | _aPrinted circuits industry. | ||
| 650 | _aSurface mount technology. | ||
| 942 |
_cBB _k338.4762B654 |
||
| 999 |
_c2809 _d2809 |
||